[Event "SR 2. liga A 2012/2013"]
[Site "?"]
[Date "2012.10.13"]
[Round "2.4"]
[White "Janko, Ladislav"]
[Black "Kimerling, Martin"]
[Result "1-0"]
[WhiteElo "2212"]
[BlackElo "2027"]
[PlyCount "91"]
[EventDate "2012.??.??"]
[WhiteTeam "Gabcikovo"]
[BlackTeam "KSN"]

1. e4 c5 2. Nf3 d6 3. c3 Nf6 4. h3 g6 5. Bd3 Bg7 6. Bc2 O-O 7. O-O Nc6 8. d4
cxd4 9. cxd4 d5 10. e5 Ne4 11. Qe1 f6 12. Bxe4 dxe4 13. Qxe4 Bf5 14. Qe3 fxe5
15. dxe5 Bxb1 16. Rxb1 Qd5 17. b3 Nxe5 18. Ng5 Rac8 19. Bb2 Rfd8 20. Rfd1 Qxd1+
21. Rxd1 Rxd1+ 22. Kh2 h6 23. Ne6 Ng4+ 24. hxg4 Bxb2 25. Qxh6 Kf7 26. Ng5+ Kf6
27. Ne4+ Kf7 28. Qf4+ Kg7 29. Ng5 Rh8+ 30. Kg3 Rd3+ 31. f3 Bf6 32. Ne6+ Kf7 33.
g5 Kxe6 34. gxf6 Rd5 35. f7 Rf5 36. Qc4+ Kf6 37. Qd4+ e5 38. Qd6+ Kxf7 39. Qd5+
Kf6 40. Kf2 Rh7 41. g4 Rg5 42. Qd6+ Kg7 43. Qe7+ Kh6 44. Qf8+ Rg7 45. Kg3 b6
46. Kh4 1-0

[Event "SR 2. liga A 2012/2013"]
[Site "?"]
[Date "2012.10.13"]
[Round "2.6"]
[White "Balogh, Peter"]
[Black "Padysak, Tomas"]
[Result "1/2-1/2"]
[WhiteElo "2013"]
[BlackElo "2035"]
[PlyCount "72"]
[EventDate "2012.??.??"]
[WhiteTeam "Gabcikovo"]
[BlackTeam "KSN"]

1. e4 c5 2. Nf3 d6 3. d4 cxd4 4. Nxd4 Nf6 5. Nc3 a6 6. Bg5 e6 7. f4 Qb6 8. Qd2
Qxb2 9. Rb1 Qa3 10. Bc4 Qc5 11. Qd3 h6 12. Bxf6 gxf6 13. f5 Nc6 14. Nxc6 bxc6
15. fxe6 fxe6 16. Rf1 Be7 17. Ne2 Rg8 18. Nf4 Qe5 19. Kd2 Bd7 20. Rf3 Qa5+ 21.
c3 d5 22. exd5 cxd5 23. Qh7 O-O-O 24. Qxe7 dxc4 25. Kc1 Rge8 26. Qb4 Qxb4 27.
Rxb4 Bb5 28. a4 Bc6 29. Rxc4 Kb7 30. Rh3 e5 31. Ng6 Bxg2 32. Rxh6 Rc8 33. Rb4+
Ka8 34. Nh4 Bb7 35. Rh7 Bd5 36. Rb6 Rc6 1/2-1/2

[Event "SR 2. liga A 2012/2013"]
[Site "?"]
[Date "2012.10.13"]
[Round "2.7"]
[White "Sklars, Tomas"]
[Black "Kosar, Mikulas"]
[Result "1-0"]
[WhiteElo "2003"]
[BlackElo "1968"]
[PlyCount "55"]
[EventDate "2012.??.??"]
[WhiteTeam "KSN"]
[BlackTeam "Gabcikovo"]

1. e4 d5 2. Nc3 d4 3. Nce2 e5 4. Nf3 Bd6 5. Ng3 Ne7 6. Bc4 h6 7. d3 Nbc6 8. Nh5
O-O 9. Qd2 Ng6 10. O-O Bg4 11. Nxg7 Nf4 12. Nf5 Bxf3 13. gxf3 Qg5+ 14. Ng3 Kh7
15. Kh1 Rg8 16. Rg1 Qh4 17. Qe1 Nh3 18. Rg2 Ne7 19. c3 dxc3 20. bxc3 Nf4 21.
Bxf4 exf4 22. e5 Ba3 23. Qe4+ Kh8 24. Bxf7 Rg7 25. e6 Rd8 26. Rag1 Bd6 27. Nh5
Rxg2 28. Rxg2 1-0

[Event "SR 2. liga A 2012/2013"]
[Site "?"]
[Date "2012.10.13"]
[Round "2.8"]
[White "Puobis, Jozef"]
[Black "Vrtiakova, Anna"]
[Result "1/2-1/2"]
[WhiteElo "1910"]
[BlackElo "1699"]
[PlyCount "67"]
[EventDate "2012.??.??"]
[WhiteTeam "Gabcikovo"]
[BlackTeam "KSN"]

1. e4 c5 2. Nf3 d6 3. d4 cxd4 4. Qxd4 e5 5. Bb5+ Bd7 6. Qd3 Nf6 7. Nc3 Bxb5 8.
Qxb5+ Qd7 9. O-O a6 10. Qd3 h6 11. Be3 Be7 12. Rad1 O-O 13. Nh4 Rd8 14. Nf5 Qc7
15. Bb6 Qxb6 16. Nxe7+ Kf8 17. Ned5 Nxd5 18. Nxd5 Qc6 19. f4 Nd7 20. fxe5 Nxe5
21. Qb3 b5 22. Nf4 Kg8 23. Nd3 Qc7 24. Rf5 Nxd3 25. Rxd3 Rac8 26. Rdf3 Rf8 27.
c3 Qc4 28. Qa3 Qxe4 29. Qxa6 Qb1+ 30. Rf1 Qxb2 31. Rxf7 Qxc3 32. Rxf8+ Rxf8 33.
Rxf8+ Kxf8 34. Qxd6+ 1/2-1/2

[Event "SR 2. liga A 2012/2013"]
[Site "?"]
[Date "2012.10.13"]
[Round "3.1"]
[White "Zatko, Gregor"]
[Black "Kovacocy, Pavel"]
[Result "1/2-1/2"]
[WhiteElo "2148"]
[BlackElo "2221"]
[PlyCount "62"]
[EventDate "2012.??.??"]
[WhiteTeam "DNV B"]
[BlackTeam "Trnava B"]

1. d4 g6 2. Nf3 Bg7 3. Bf4 d6 4. e3 Nd7 5. h3 c6 6. Nbd2 Nh6 7. Be2 O-O 8. c3
Kh8 9. Bh2 f6 10. O-O Nf7 11. Re1 e5 12. dxe5 dxe5 13. Nc4 Qe7 14. a4 Nc5 15.
Nfd2 Bf5 16. b4 Ne4 17. Nxe4 Bxe4 18. Qb3 Bd5 19. Qb2 Qe6 20. Nd2 Nd6 21. Bd3
Nc4 22. Nxc4 Bxc4 23. Rad1 Rad8 24. Qe2 Rxd3 25. Rxd3 Qg8 26. e4 Bxd3 27. Qxd3
Rd8 28. Qc2 Rd7 29. Rd1 Qd8 30. Rxd7 Qxd7 31. Kf1 Kg8 1/2-1/2

[Event "SR 2. liga A 2012/2013"]
[Site "?"]
[Date "2012.10.13"]
[Round "3.2"]
[White "Drtina, Milan"]
[Black "Odler, Daniel"]
[Result "1/2-1/2"]
[WhiteElo "2202"]
[BlackElo "2110"]
[PlyCount "29"]
[EventDate "2012.??.??"]
[WhiteTeam "Trnava B"]
[BlackTeam "DNV B"]

1. e4 e5 2. Nf3 Nf6 3. Nc3 Nc6 4. Bb5 Nd4 5. Ba4 Bc5 6. d3 O-O 7. Bg5 c6 8.
Nxd4 Bxd4 9. Bb3 d6 10. Qf3 a5 11. a4 Be6 12. Bxf6 Qxf6 13. Qxf6 gxf6 14. Bxe6
fxe6 15. Ke2 1/2-1/2

[Event "SR 2. liga A 2012/2013"]
[Site "?"]
[Date "2012.10.13"]
[Round "3.3"]
[White "Ochrana, Ladislav"]
[Black "Arendas, Marek"]
[Result "1/2-1/2"]
[WhiteElo "2035"]
[BlackElo "2085"]
[PlyCount "187"]
[EventDate "2012.??.??"]
[WhiteTeam "DNV B"]
[BlackTeam "Trnava B"]

1. d4 d5 2. c4 c6 3. Nc3 Nf6 4. Nf3 e6 5. Qc2 Be7 6. e4 dxe4 7. Nxe4 Nbd7 8.
Be3 Nxe4 9. Qxe4 Nf6 10. Qc2 Qc7 11. Be2 c5 12. dxc5 Bxc5 13. Bxc5 Qxc5 14. O-O
a5 15. Nd2 Bd7 16. Bf3 Bc6 17. Ne4 Nxe4 18. Bxe4 h6 19. Rfd1 O-O 20. Bxc6 Qxc6
21. Qc3 b6 22. Rd3 Rfd8 23. Rad1 Rxd3 24. Qxd3 Qa4 25. Ra1 Rc8 26. b3 Qa3 27.
Qd7 Rf8 28. Qd4 Qb4 29. Rd1 b5 30. cxb5 Qxb5 31. Rc1 Qe2 32. Qa1 Rd8 33. Qb1
Kf8 34. Re1 Qd2 35. g3 Rd5 36. Kf1 Ke7 37. Re2 Qd4 38. Qe4 Qc5 39. Rc2 Qb6 40.
Qg4 Kf6 41. Qh4+ Kg6 42. Qe4+ Kf6 43. Qf4+ Kg6 44. Kg2 Rd4 45. Qe3 Qd6 46. Qc3
Qd5+ 47. Qf3 Qe5 48. Re2 Qd6 49. Rc2 Rd5 50. Rc4 Qd7 51. Qf4 Rd1 52. Qe4+ Kf6
53. Qf4+ Kg6 54. Qe5 h5 55. h4 Rd5 56. Qe4+ Kf6 57. Qf4+ Rf5 58. Qd4+ Qxd4 59.
Rxd4 Ke5 60. Rd7 Ke4 61. Kf1 Kf3 62. Rd3+ Ke4 63. Rd7 Kf3 64. Rc7 g6 65. Rc3+
Ke4 66. Ke2 Rd5 67. Rc7 f6 68. f3+ Kd4 69. Rc6 Re5+ 70. Kd2 g5 71. Rc4+ Kd5 72.
Kd3 gxh4 73. gxh4 Kd6 74. f4 Rb5 75. Rd4+ Kc6 76. Kc4 Rb4+ 77. Kc3 Kc5 78. Rxb4
axb4+ 79. Kb2 Kd4 80. a4 bxa3+ 81. Kxa3 Kc3 82. b4 Kc4 83. Ka4 e5 84. fxe5 fxe5
85. b5 Kc5 86. Ka5 e4 87. b6 e3 88. b7 e2 89. b8=Q e1=Q+ 90. Ka6 Qa1+ 91. Kb7
Qb2+ 92. Kc8 Qxb8+ 93. Kxb8 Kc6 94. Ka7 1/2-1/2

[Event "SR 2. liga A 2012/2013"]
[Site "?"]
[Date "2012.10.13"]
[Round "3.4"]
[White "Hertel, Ondrej"]
[Black "Svaralova, Monika"]
[Result "1/2-1/2"]
[WhiteElo "2079"]
[BlackElo "2021"]
[PlyCount "43"]
[EventDate "2012.??.??"]
[WhiteTeam "Trnava B"]
[BlackTeam "DNV B"]

1. d4 Nf6 2. Nf3 e6 3. c4 b6 4. g3 Ba6 5. Qc2 d5 6. cxd5 exd5 7. Bg2 Be7 8. O-O
O-O 9. Nc3 Re8 10. Rd1 Bb4 11. e3 Nbd7 12. Qa4 Bxc3 13. Qxa6 Bb4 14. a3 Bf8 15.
b4 Ne4 16. Bb2 Ndf6 17. Ne5 c5 18. dxc5 bxc5 19. bxc5 Bxc5 20. Rac1 Rc8 21. Rd3
Qb6 22. Qxb6 1/2-1/2

[Event "SR 2. liga A 2012/2013"]
[Site "?"]
[Date "2012.10.13"]
[Round "3.5"]
[White "Szollos, Ondrej"]
[Black "Liptak, Dusan"]
[Result "0-1"]
[WhiteElo "1979"]
[BlackElo "2060"]
[PlyCount "58"]
[EventDate "2012.??.??"]
[WhiteTeam "DNV B"]
[BlackTeam "Trnava B"]

1. Nf3 Nf6 2. g3 g6 3. Bg2 Bg7 4. O-O O-O 5. d3 d5 6. Nbd2 c5 7. e4 Nc6 8. Re1
e5 9. c3 h6 10. a3 Be6 11. Qc2 Qc7 12. Nf1 a5 13. a4 Kh7 14. Ne3 d4 15. cxd4
cxd4 16. Nf1 Rfc8 17. Bd2 Qb6 18. Qb1 Bb3 19. Rc1 Nd7 20. Be1 Nb4 21. Bxb4 Qxb4
22. Bh3 Rxc1 23. Qxc1 Nc5 24. N3d2 Nxd3 25. Qc7 Bxa4 26. Qxf7 Bc6 27. Bg2 Rf8
28. Qc7 a4 29. Nf3 Qxb2 0-1

[Event "SR 2. liga A 2012/2013"]
[Site "?"]
[Date "2012.10.13"]
[Round "3.6"]
[White "Sturdik, Igor"]
[Black "Zitniak, Jozef"]
[Result "1-0"]
[WhiteElo "2027"]
[BlackElo "1906"]
[PlyCount "41"]
[EventDate "2012.??.??"]
[WhiteTeam "Trnava B"]
[BlackTeam "DNV B"]

1. e4 e5 2. Nf3 d6 3. d4 exd4 4. Nxd4 Nf6 5. Nc3 Bd7 6. Bc4 Be7 7. O-O O-O 8.
h3 Nc6 9. Be3 a6 10. a4 Qc8 11. f4 Nxd4 12. Bxd4 Bc6 13. e5 Ne4 14. Qd3 Nc5 15.
Qg3 dxe5 16. Bxe5 g6 17. f5 Ne4 18. fxg6 Nxg3 19. gxf7+ Rxf7 20. Rxf7 Bc5+ 21.
Rf2+ 1-0

[Event "SR 2. liga A 2012/2013"]
[Site "?"]
[Date "2012.10.13"]
[Round "3.7"]
[White "Stefani, Peter"]
[Black "Puskar, Peter"]
[Result "0-1"]
[WhiteElo "1900"]
[BlackElo "2004"]
[PlyCount "37"]
[EventDate "2012.??.??"]
[WhiteTeam "DNV B"]
[BlackTeam "Trnava B"]

1. c4 Nf6 2. Nf3 g6 3. Nc3 Bg7 4. d4 O-O 5. e4 d6 6. Be2 e5 7. dxe5 dxe5 8.
Qxd8 Rxd8 9. Bg5 Re8 10. Rd1 h6 11. Bh4 Na6 12. O-O g5 13. Bg3 Nh5 14. Bxe5 g4
15. Bxg7 gxf3 16. Bxh6 fxe2 17. Nxe2 Rxe4 18. Rd8+ Kh7 19. Be3 0-1

[Event "SR 2. liga A 2012/2013"]
[Site "?"]
[Date "2012.10.13"]
[Round "3.8"]
[White "Krist, Milan"]
[Black "Durica, Andrej"]
[Result "0-1"]
[WhiteElo "1985"]
[BlackElo "1839"]
[PlyCount "50"]
[EventDate "2012.??.??"]
[WhiteTeam "Trnava B"]
[BlackTeam "DNV B"]

1. c4 e5 2. e4 f5 3. d3 Bc5 4. Nc3 Nf6 5. h3 fxe4 6. Nxe4 Bb4+ 7. Bd2 Bxd2+ 8.
Qxd2 Nc6 9. Nf3 O-O 10. Be2 d6 11. O-O Qe8 12. Rae1 Nxe4 13. dxe4 Rf4 14. Qe3
Qg6 15. Nd2 Nd4 16. Qg3 Qh6 17. Bd1 Bd7 18. Re3 Raf8 19. b4 R8f6 20. Qh2 Rg6
21. Rg3 Rgf6 22. Re3 Rxf2 23. Rf3 Rxf1+ 24. Nxf1 Nxf3+ 25. Bxf3 Bxh3 0-1

[Event "SR 2. liga A 2012/2013"]
[Site "?"]
[Date "2012.10.13"]
[Round "4.1"]
[White "Hajek, Lukas"]
[Black "Kundrik, Peter"]
[Result "0-1"]
[WhiteElo "2155"]
[BlackElo "2248"]
[PlyCount "68"]
[EventDate "2012.??.??"]
[WhiteTeam "Doprastav C"]
[BlackTeam "Piestany"]

1. d4 Nf6 2. c4 g6 3. Nc3 Bg7 4. e4 O-O 5. Nf3 d6 6. Be2 e5 7. O-O Nbd7 8. Re1
c6 9. Bf1 Re8 10. d5 c5 11. a3 h6 12. b4 Rf8 13. Rb1 Ne8 14. Be3 f5 15. bxc5 f4
16. c6 fxe3 17. cxb7 Bxb7 18. Rxb7 exf2+ 19. Kxf2 Nb6 20. Nb5 Qc8 21. Rxa7 Qc5+
22. Kg3 Rxa7 23. Nxa7 Nf6 24. h3 Nh5+ 25. Kh2 Qf2 26. Nd2 Qf4+ 27. Kh1 Ng3+ 28.
Kg1 Qf2+ 29. Kh2 h5 30. Nf3 Bh6 31. h4 Rxf3 32. Qxf3 Qxe1 33. Qf6 Nxf1+ 34. Kg1
Ne3+ 0-1

[Event "SR 2. liga A 2012/2013"]
[Site "?"]
[Date "2012.10.13"]
[Round "4.2"]
[White "Mihalik, Marek"]
[Black "Petrik, Stanislav"]
[Result "0-1"]
[WhiteElo "2019"]
[BlackElo "2171"]
[PlyCount "78"]
[EventDate "2012.??.??"]
[WhiteTeam "Piestany"]
[BlackTeam "Doprastav C"]

1. d4 Nf6 2. c4 e6 3. Nc3 Bb4 4. Nf3 c5 5. e3 Nc6 6. a3 Bxc3+ 7. bxc3 d6 8. Bd3
e5 9. d5 Ne7 10. Qc2 h6 11. h3 g5 12. Nd2 Bd7 13. a4 Qc7 14. Nf1 O-O-O 15. e4
Rdf8 16. Ra2 Rhg8 17. Ne3 h5 18. g3 h4 19. g4 Ng6 20. Nf5 Bxf5 21. exf5 Nf4 22.
Bxf4 exf4 23. O-O Re8 24. Rb1 Re7 25. Rab2 Qd8 26. Rb3 Rc7 27. Qb2 Qe7 28. Kf1
Re8 29. Qa1 Ne4 30. Qb2 f3 31. Kg1 Ng3 32. Qd2 Qe5 33. Rc1 Rce7 34. Rbb1 f6 35.
Ra1 Ne2+ 36. Bxe2 fxe2 37. Re1 Qe4 38. Qa2 Qf3 39. Qd2 Qxh3 0-1

[Event "SR 2. liga A 2012/2013"]
[Site "?"]
[Date "2012.10.13"]
[Round "4.3"]
[White "Petrik, Karol"]
[Black "Manak, Jozef"]
[Result "1-0"]
[WhiteElo "2091"]
[BlackElo "2020"]
[PlyCount "91"]
[EventDate "2012.??.??"]
[WhiteTeam "Doprastav C"]
[BlackTeam "Piestany"]

1. b3 d5 2. Bb2 Nf6 3. e3 c5 4. f4 Nc6 5. Nf3 Bg4 6. Be2 e6 7. O-O Be7 8. d3
O-O 9. Nbd2 Qc7 10. Ne5 Bxe2 11. Qxe2 Nd7 12. Nxc6 Qxc6 13. Rf3 f6 14. Rh3 g6
15. Re1 Rae8 16. Nf3 Bd6 17. Qf2 Rf7 18. Qh4 Qc7 19. Qg4 Rg7 20. Re2 Kf7 21. c4
h5 22. Qh4 Be7 23. Qe1 Bd6 24. Rh4 dxc4 25. dxc4 e5 26. f5 gxf5 27. e4 f4 28.
Rxh5 Reg8 29. Qd1 Rd8 30. Rd2 Nf8 31. Rh8 Rg8 32. Rxg8 Kxg8 33. Nh4 Be7 34. Rd5
Ne6 35. Nf5 Rxd5 36. exd5 Nd4 37. Bxd4 cxd4 38. Qg4+ Kf8 39. Qg7+ Ke8 40. Qg8+
Bf8 41. Qe6+ Kd8 42. d6 Qa5 43. Qxf6+ Kd7 44. Qf7+ Kc6 45. Qe8+ Kc5 46. Qxe5+
1-0

[Event "SR 2. liga A 2012/2013"]
[Site "?"]
[Date "2012.10.13"]
[Round "4.4"]
[White "Stepanovic, Branislav"]
[Black "Polacik, Igor"]
[Result "1/2-1/2"]
[WhiteElo "1992"]
[BlackElo "2172"]
[PlyCount "106"]
[EventDate "2012.??.??"]
[WhiteTeam "Piestany"]
[BlackTeam "Doprastav C"]

1. e4 e5 2. Nf3 Nc6 3. Bb5 a6 4. Ba4 d6 5. c3 Bd7 6. O-O Nge7 7. d4 Ng6 8. Re1
Be7 9. Nbd2 O-O 10. Nf1 Nh4 11. Nxh4 Bxh4 12. Ne3 b5 13. Bb3 Ne7 14. dxe5 dxe5
15. Qh5 Ng6 16. Nf5 Bf6 17. g3 Ne7 18. Be3 g6 19. Nh6+ Kg7 20. Qf3 Ng8 21. Ng4
h5 22. Nxf6 Qxf6 23. Qxf6+ Nxf6 24. f3 Bc6 25. Red1 Rfd8 26. Bg5 Rd6 27. Rxd6
cxd6 28. Rd1 Rd8 29. Kf2 Rd7 30. Bxf6+ Kxf6 31. Bd5 Bxd5 32. Rxd5 Ke6 33. Ke3
Rc7 34. h4 f5 35. Kd3 Rf7 36. Ke2 Rc7 37. Kd3 Rc8 38. b3 fxe4+ 39. fxe4 Rf8 40.
Ke2 Rc8 41. Rd3 Rc7 42. Rf3 Rc8 43. Kd3 Rg8 44. c4 Rc8 45. Kc3 bxc4 46. bxc4
Rb8 47. Kc2 Rb4 48. Kc3 Rb8 49. Rf1 Ke7 50. Kc2 Rb4 51. Kc3 Rb8 52. Kc2 Rb4 53.
Kc3 Rb8 1/2-1/2

[Event "SR 2. liga A 2012/2013"]
[Site "?"]
[Date "2012.10.13"]
[Round "4.5"]
[White "Krajnak, Robert"]
[Black "Mihalik, Anton"]
[Result "1/2-1/2"]
[WhiteElo "2075"]
[BlackElo "1953"]
[PlyCount "41"]
[EventDate "2012.??.??"]
[WhiteTeam "Doprastav C"]
[BlackTeam "Piestany"]

1. c4 c5 2. Nf3 Nf6 3. Nc3 e6 4. d4 cxd4 5. Nxd4 a6 6. g3 Be7 7. Bg2 O-O 8. O-O
Nc6 9. b3 Qa5 10. Bb2 Ba3 11. Bxa3 Qxa3 12. Rc1 Qa5 13. e3 Rd8 14. Qd3 Nb4 15.
Qd2 Nc6 16. Rfd1 Ne7 17. Nde2 Qc7 18. e4 Nc6 19. Nd5 exd5 20. cxd5 Re8 21. dxc6
1/2-1/2

[Event "SR 2. liga A 2012/2013"]
[Site "?"]
[Date "2012.12.02"]
[Round "4.6"]
[White "Hecko, Dusan"]
[Black "Kosar, Mikulas ml"]
[Result "1-0"]
[WhiteElo "2035"]
[BlackElo "1968"]
[Annotator "Fritz 12 (20s)"]
[PlyCount "57"]
[EventDate "2012.??.??"]

{A28: English Opening: Four Knights Variation} 1. c4 e5 2. Nc3 Nf6 3. Nf3 Nc6
4. d4 exd4 5. Nxd4 Bb4 6. Bg5 Bxc3+ $2 (6... h6 7. Bh4 Bxc3+ 8. bxc3 Ne5 9. f4
Nxc4 $2 10. e4 Ne3 11. Qe2 Nxf1 12. e5 O-O 13. Nf5 $18) 7. bxc3 h6 8. Bh4 O-O
$2 (8... Ne5 9. f4 Nxc4 $2 10. e4 Ne3 11. Qe2 Nxf1 12. e5 O-O 13. Nf5) 9. e3
Ne5 10. Bd3 (10. Nb5 Ng6 11. Bxf6 Qxf6 12. Qd4 Qd8 13. Qc5 c6 14. Nd6 b6 15.
Qd4 c5 16. Qd5 Qf6 17. Rc1 Ba6 18. Be2 $11) 10... d6 11. O-O Re8 12. Rb1 {N} (
12. h3 Ng6 13. Bg3 Ne5 14. Bh4 Ng6 15. Bg3 Ne5 $11) 12... c6 13. Qe2 Nxd3 14.
Qxd3 Qe7 15. Bxf6 (15. Rbd1 Bd7 $11) 15... Qxf6 16. e4 Qg6 17. Rfe1 d5 $15 18.
cxd5 cxd5 19. f3 Bh3 (19... dxe4 20. Rxe4 Rxe4 21. fxe4 $11) 20. Rb2 a6 21. Re3
dxe4 22. fxe4 Bc8 $14 23. Ne2 Qc6 24. Qd4 b5 25. Nf4 $11 Re7 $4 (25... f6 $142
$11) 26. Nd5 $18 Re6 27. Rf2 Bb7 28. Rg3 g5 29. Rgf3 1-0

[Event "SR 2. liga A 2012/2013"]
[Site "?"]
[Date "2012.10.13"]
[Round "4.6"]
[White "Manak, Adrian"]
[Black "Habrovsky, Richard"]
[Result "1-0"]
[WhiteElo "1949"]
[BlackElo "1970"]
[PlyCount "63"]
[EventDate "2012.??.??"]
[WhiteTeam "Piestany"]
[BlackTeam "Doprastav C"]

1. e4 c5 2. Nf3 Nc6 3. d4 cxd4 4. Nxd4 e5 5. Nb5 d6 6. N1c3 a6 7. Na3 b5 8. Nd5
Nge7 9. Be3 Rb8 10. c4 b4 11. Nc2 Nxd5 12. cxd5 Ne7 13. Bc4 Ng6 14. O-O Be7 15.
a3 bxa3 16. b4 Qc7 17. Qd3 Nf4 18. Bxf4 exf4 19. Rxa3 O-O 20. Bxa6 f3 21. b5
fxg2 22. Kxg2 Bh3+ 23. Kxh3 Qd7+ 24. Kg2 Qg4+ 25. Kh1 f5 26. Rg1 Qf4 27. Qg3
Qh6 28. Nd4 fxe4 29. Ne6 Bh4 30. Qxg7+ Qxg7 31. Rxg7+ Kh8 32. Rh3 1-0

[Event "SR 2. liga A 2012/2013"]
[Site "?"]
[Date "2012.12.01"]
[Round "4.6"]
[White "Sosovicka, Matej"]
[Black "Hecko, Dusan"]
[Result "1-0"]
[WhiteElo "2035"]
[BlackElo "2073"]
[Annotator "Fritz 12 (20s)"]
[PlyCount "49"]
[EventDate "2012.??.??"]

{B01: Scandinavian Defence} 1. e4 d5 2. exd5 Qxd5 3. Nc3 Qd6 4. Nf3 Nf6 5. d4
Bg4 $2 (5... a6 6. g3 Bg4 7. Bg2 Nc6 8. Bf4 Qb4 9. h3 Bh5 10. g4 Bg6 11. Qd2
O-O-O 12. O-O-O e6 13. Qe3 Qb6 14. a3 Bd6 15. Ne5 Bxe5 16. Bxe5 h5 $14) 6. h3
Bh5 7. g4 Bg6 8. Bg2 (8. Ne5 $142 Nbd7 9. Nxg6 hxg6 10. Qf3 $14) (8. Ne5 c6 9.
Bf4 Nd5 10. Qd2 Nxf4 11. Qxf4 Nd7 12. O-O-O) 8... e6 $2 (8... Nc6 $142 $11) 9.
Ne5 $16 c6 10. O-O Nbd7 $14 11. Nc4 Qc7 12. f4 O-O-O $4 (12... Nb6 13. Nxb6
Qxb6 $11) 13. f5 $18 b5 14. Bf4 Qb7 15. Na5 Qb6 16. Nxc6 exf5 17. Nxb5 $1 Ne4
18. Nbxa7+ Kb7 19. Nxd8+ Kxa7 20. gxf5 Bxf5 21. Nxf7 Rg8 22. Bb8+ $1 Kxb8 23.
Rxf5 Nd6 24. Nxd6 Bxd6 25. Qd3 1-0

[Event "SR 2. liga A 2012/2013"]
[Site "?"]
[Date "2012.10.13"]
[Round "4.7"]
[White "Jelenciak, Jozef"]
[Black "Nemsak, Denis"]
[Result "1/2-1/2"]
[WhiteElo "1922"]
[BlackElo "1873"]
[PlyCount "89"]
[EventDate "2012.??.??"]
[WhiteTeam "Doprastav C"]
[BlackTeam "Piestany"]

1. e4 d5 2. exd5 Nf6 3. d4 Nxd5 4. Ne2 g6 5. Ng3 Bg7 6. Be2 O-O 7. c3 Nc6 8.
O-O e5 9. dxe5 Nxe5 10. Qc2 c6 11. Na3 h5 12. Rd1 Qe7 13. Nc4 h4 14. Ne4 Bf5
15. Nxe5 Qxe5 16. Bd3 Rfe8 17. f3 Nf4 18. Bxf4 Qxf4 19. Qd2 Qc7 20. Qf2 h3 21.
g4 Bxe4 22. Bxe4 Be5 23. Rd2 Rad8 24. Rad1 Rxd2 25. Rxd2 Rd8 26. Rxd8+ Qxd8 27.
Bc2 Qg5 28. Bd1 Bc7 29. Qe2 Bb6+ 30. Kf1 Qd5 31. Bb3 Qd6 32. Qe8+ Kh7 33. Qxf7+
Kh6 34. g5+ Kxg5 35. f4+ Qxf4+ 36. Qxf4+ Kxf4 37. Be6 Bc7 38. Bxh3 Ke3 39. Bc8
Bxh2 40. Bxb7 c5 41. Ba6 Kd2 42. b4 Kxc3 43. bxc5 Kb4 44. Bd3 Kxc5 45. Bxg6
1/2-1/2

[Event "SR 2. liga A 2012/2013"]
[Site "?"]
[Date "2012.10.13"]
[Round "4.8"]
[White "Curidlo, Jan"]
[Black "Vinarcik, Jan"]
[Result "0-1"]
[WhiteElo "1880"]
[BlackElo "1908"]
[PlyCount "78"]
[EventDate "2012.??.??"]
[WhiteTeam "Piestany"]
[BlackTeam "Doprastav C"]

1. e4 c5 2. Nf3 e6 3. d4 cxd4 4. Nxd4 a6 5. Nc3 Qc7 6. a3 Bc5 7. Be3 d6 8. Qd2
Nf6 9. Be2 Nbd7 10. O-O b5 11. Nb3 Bxe3 12. Qxe3 Bb7 13. f3 O-O 14. Bd3 d5 15.
exd5 Nxd5 16. Nxd5 Bxd5 17. Nd2 Nc5 18. b3 Nxd3 19. cxd3 Rac8 20. b4 f5 21.
Rac1 Qxc1 22. Rxc1 Rxc1+ 23. Kf2 Rc2 24. h3 Ra2 25. Kg1 Rc8 26. Qf4 h6 27. Nf1
Ra1 28. Qd4 Rcc1 29. Qf2 Rxf1+ 30. Qxf1 Rxf1+ 31. Kxf1 Kf7 32. Kf2 Kf6 33. Ke3
e5 34. g3 g5 35. f4 gxf4+ 36. gxf4 e4 37. h4 Kg6 38. dxe4 fxe4 39. Kd4 Bb7 0-1

[Event "SR 2. liga A 2012/2013"]
[Site "?"]
[Date "2012.10.13"]
[Round "5.1"]
[White "Petenyi, Tamas"]
[Black "Skara, Vladimir"]
[Result "1-0"]
[WhiteElo "2457"]
[BlackElo "2222"]
[PlyCount "77"]
[EventDate "2012.??.??"]
[WhiteTeam "D. Streda B"]
[BlackTeam "Modra B"]

1. e4 e6 2. d4 d5 3. Nd2 Nf6 4. e5 Nfd7 5. Bd3 c5 6. c3 Nc6 7. Ne2 cxd4 8. cxd4
f6 9. exf6 Nxf6 10. O-O Bd6 11. Nf3 O-O 12. Bg5 Bd7 13. Ng3 Qc7 14. Rc1 Bf4 15.
Bxf4 Qxf4 16. Re1 Rac8 17. a3 Rc7 18. Rc2 Rfc8 19. Rce2 Na5 20. Qd2 Qxd2 21.
Rxd2 Nb3 22. Rdd1 Ba4 23. Bf1 Rc2 24. Rxe6 Rxb2 25. Re7 Ne4 26. Rxb7 Nxg3 27.
fxg3 Nxd4 28. Rxd4 Rxb7 29. Rxa4 Rc2 30. Rd4 Ra2 31. Rxd5 Rxa3 32. Bc4 Kf8 33.
h4 h6 34. Nd4 Rc3 35. Rd8+ Ke7 36. Nc6+ Kf6 37. Rf8+ Kg6 38. Ne5+ Kh7 39. Bg8+
1-0

[Event "SR 2. liga A 2012/2013"]
[Site "?"]
[Date "2012.10.13"]
[Round "5.2"]
[White "Federic, Jozef"]
[Black "Varga, David"]
[Result "1/2-1/2"]
[WhiteElo "2299"]
[BlackElo "2289"]
[PlyCount "35"]
[EventDate "2012.??.??"]
[WhiteTeam "Modra B"]
[BlackTeam "D. Streda B"]

1. d4 d5 2. Nf3 Nf6 3. c4 c6 4. e3 Bf5 5. Nbd2 e6 6. Be2 Nfd7 7. O-O Bd6 8. Qb3
Qc7 9. Bd3 Bxd3 10. Qxd3 f5 11. Ng5 Nf8 12. h3 Nbd7 13. b3 Qd8 14. f4 Qe7 15.
Ngf3 Nf6 16. Ne5 N8d7 17. Bb2 O-O 18. Bc3 1/2-1/2

[Event "SR 2. liga A 2012/2013"]
[Site "?"]
[Date "2012.10.13"]
[Round "5.3"]
[White "Takacs, Laszlo"]
[Black "Federic, Pavol"]
[Result "0-1"]
[WhiteElo "2134"]
[BlackElo "2192"]
[PlyCount "116"]
[EventDate "2012.??.??"]
[WhiteTeam "D. Streda B"]
[BlackTeam "Modra B"]

1. e4 e5 2. Nf3 Nc6 3. Bb5 a6 4. Ba4 Nge7 5. O-O Ng6 6. c3 Be7 7. d4 b5 8. Bb3
d6 9. h3 O-O 10. Re1 Kh8 11. a4 Bd7 12. axb5 axb5 13. Rxa8 Qxa8 14. Bd5 Qe8 15.
Na3 Nd8 16. dxe5 dxe5 17. Nc2 Ne6 18. Ne3 Nef4 19. Bb3 Qc8 20. Nd5 Nxg2 21.
Nxe7 Nxe7 22. Kxg2 Bxh3+ 23. Kh2 Bg4 24. Qd3 c5 25. Bd1 Rd8 26. Qe3 Rd6 27.
Nxe5 Rxd1 28. Rxd1 Bxd1 29. Nxf7+ Kg8 30. Ng5 h6 31. Nh3 Ng6 32. Qg3 Qc6 33. f3
Qf6 34. f4 Nh4 35. Nf2 Be2 36. Ng4 Bxg4 37. Qxg4 Ng6 38. Be3 c4 39. Kg3 Qd6 40.
Bd4 Qc6 41. Kf3 Qe8 42. Qg3 Qf7 43. f5 Nf8 44. Ke3 Qd7 45. Qe5 Nh7 46. Qd5+
Qxd5 47. exd5 Kf7 48. d6 Nf6 49. Kf4 Nd7 50. Ke4 h5 51. Kd5 h4 52. Bg1 Kf6 53.
Bh2 Kxf5 54. Kc6 Nf8 55. Kxb5 g5 56. Kxc4 Ke4 57. b4 g4 58. b5 g3 0-1

[Event "SR 2. liga A 2012/2013"]
[Site "?"]
[Date "2012.10.13"]
[Round "5.4"]
[White "Mydlarik, Martin"]
[Black "Rachela, Jozef"]
[Result "1/2-1/2"]
[WhiteElo "2114"]
[BlackElo "2093"]
[PlyCount "129"]
[EventDate "2012.??.??"]
[WhiteTeam "Modra B"]
[BlackTeam "D. Streda B"]

1. Nh3 e5 2. g3 d5 3. d3 Nf6 4. Bg2 Bc5 5. O-O O-O 6. e3 c6 7. d4 Bd6 8. dxe5
Bxe5 9. Nd2 Bg4 10. f3 Bf5 11. Nf2 Nbd7 12. Nd3 Bc7 13. Re1 Bb6 14. Nf1 Re8 15.
b3 Qc7 16. Bb2 Re7 17. Qd2 Rae8 18. Rad1 Qd6 19. Kh1 h6 20. Qc1 Bxd3 21. cxd3
Bc5 22. d4 Bb4 23. Bc3 a5 24. Qd2 Nf8 25. Re2 Ne6 26. Qd3 Nc7 27. Bb2 Ba3 28.
Bc3 Bb4 29. Ba1 Nh7 30. e4 Qg6 31. e5 Qxd3 32. Rxd3 Ra8 33. Ne3 g6 34. Nc2 Ree8
35. Bb2 Bf8 36. h4 Bg7 37. h5 g5 38. Ne3 Ne6 39. Nf5 Bf8 40. a3 Red8 41. Kh2
Re8 42. Rf2 a4 43. bxa4 Rxa4 44. Rb3 Ra7 45. Bf1 Rea8 46. Kg2 Nd8 47. f4 Ne6
48. Rff3 Kh8 49. Be2 Kg8 50. Kh3 b5 51. Kg4 Ra4 52. Bf1 R4a6 53. Rbc3 Nd8 54.
Be2 Rb8 55. Rb3 Ra4 56. Rfc3 Rba8 57. Kf3 R4a6 58. Ke3 Ne6 59. Bf3 Rd8 60. Be2
Rda8 61. Bd3 Nd8 62. Rc2 Ra4 63. Rbc3 R4a6 64. Be2 Rb6 65. Rb3 1/2-1/2